LEADER 01359nam a2200301 4500 001 000000353203 003 CaOOAMICUS 005 20230802090051.0 008 230324s2022 it a 000 u ita r 020 $a978-88-8220-313-9 040 $aSeMil$bita 100 1 $aPreziosi, Ernesto,$d<1955- >.$0(OLS)http://semarc/name/4597 245 10$aAlda Miceli, una donna protagonista del novecento :$bper una biografia /$cErnesto Preziosi ; prefazione di Renata Natili Micheli. 264 1$aMilano :$bPrometheus,$c2022. 300 $a306 p., [1] p. di ritr. :$bill. ;$c21 cm 490 1 $aDonne nella storia ;$v6 541 0 $aOmaggio mons. Mario Delpini (3J II 312) 600 14$aMiceli, Alda <1908-1998>.$0(OLS)http://semarc/subject/53708 700 1 $aMiceli Natili, Renata.$0(OLS)http://semarc/name/117274 830 0$aDonne nella storia ;$v6.$0(OLS)http://semarc/title/427526 850 $aSeMil 852 $aSeMil$W1$xVenegono$y1$m3J II 312$j242656$B244426$CSeMilBibl$Z2$F244426 $81 941 1 $a7 961 $aOmaggio mons. Mario Delpini 996 $6020$a978-88-8220-313-9$9(OLS)http://semarc/number/297814 996 $6245$aAlda Miceli, una donna protagonista del novecento :$bper una biografia$9(OLS)http://semarc/title/443217 996 $6264$aMilano :$bPrometheus$9(OLS)http://semarc/publisher/32155 LEADER 00945nam a2200241 i 4500 001 000000077354 003 CaOOAMICUS 005 20260515122532.0 008 010516s1987 fr u000 u fre u 013 $a48526 020 $a2-204-02577-1 040 $aSeMil$bita 100 1 $aSiegwalt, Gérard,$d<1932- >.$0(OLS)http://semarc/name/2566 245 10$aRéalité et Révélation /$cGérard Siegwalt. 300 $a524 p. 650 4$aRivelazione - Teologia.$0(OLS)http://semarc/subject/1246 773 0 $aSiegwalt, Gérard <1932- >$tFondements de la foi.$dGenève : Labor et Fides ; Paris : Les Éditions du Cerf, 1986-1987.$g2$w()3365 850 $aSeMil 852 $aSeMil$W1$xVenegono$y1$m2B II 661$j272048$B43506$CSeMilBibl$Z2$F42888 $81 961 $aAcquisto: SODIS 996 $6020$a2-204-02577-1$9(OLS)http://semarc/number/58975 996 $6245$aRéalité et Révélation$9(OLS)http://semarc/title/125606